000 00297nam a22001457a 4500
008 210308b ||||| |||| 00| 0 eng d
020 _a0810910942
041 _aeng
080 _a7
082 _a7
100 _a44
101 _aART
245 _aHistory of Art
_cJanson,W.H
942 _2udc
_cBK
999 _c56016
_d56016